000 00190nam a22000977a 4500
999 _c67163
_d67160
082 _a004WIL
100 _aWilliams,B
245 _aUsing Information Technology
300 _a577p
942 _cBK